عرض عادي عرض مارك
  • Burns and scalds

مدخل مصطلح موضوعي

عدد التسجيلات المستخدمة في: 1

001 - رقم الضبط

  • حقل الضبط: 64516

003 - معرف رقم الضبط

  • حقل الضبط: OSt

005 - تاريخ ووقت أخر عملية

  • حقل الضبط: 20180829174829.0

008 - عناصر بيانات ثابتة الطول

  • حقل تحكم ثابت الطول: 180829|| aca||aabn | a|a d

040 ## - مصدر الفهرسة

  • هيئة الفهرسة الأصلية: OSt
  • وكالة الكتابة: OSt

150 ## - مدخل-- مصطلح تاريخي

  • عنصر مدخل المصطلح الموضوعي او الاسم الجغرافي: Burns and scalds
  • تفريع شكلي: Handbooks, manuals, etc

670 ## - بيانات المصدر موجوده

  • الاستشهاد بالمصدر: Work cat.: (OSt)0: Handbook of burns. Volume 2, Reconstruction and rehabilitation, c2012